Fictional Hangouts Quiz Stats

 Plays Quiz Updated Dec 17, 2018

     
Support Sporcle.
Go Orange.
Score 0/24 Timer 07:00
4 Plays Today
Clue Hangout % Correct
The favorite coffee shop of 'Friends'Central Perk
73.7%
Homer Simpson's favorite barMoe’s Tavern
68.1%
Cliff and Norm's favorite pubCheers
60.5%
The B-52's 'little old place where we can get together'The Love Shack
55.3%
Horace's tavern on 'Family Guy'The Drunken Clam
37%
The strip club owned Tony SopranoThe Bada Bing
31.8%
The favorite spot in 'Beverly Hills: 90210'The Peach Pit
29.4%
'Saved by the Bell' hangoutThe Max
29%
Hogsmeade pub from 'Harry Potter' owned by Madam RosmertaThe Three Broomsticks
25.6%
That diner from 'Seinfeld'Monk's Diner
24.6%
The favorite restaurant of the 'Gilmore Girls'Luke's Diner
20.5%
The main restaurant from 'Happy Days'Arnold’s Drive-In
17.3%
Clue Hangout % Correct
An inn at the centre of the village of Bree from the 'Lord of the Rings'the Prancing Pony
14.9%
Joy's husband's bar in 'My Name Is Earl'The Crab Shack
11%
The bar close the hospital in 'Grey’s Anatomy'Joe’s Emerald City Bar
10.9%
Where 'Three’s Company' tooRegal Beagle
10.1%
You'll never find a more wretched hive of scum and villainy at this bar on Tatooine (Star Wars)Chalmun's Cantina
10.1%
The bar downstairs in 'How I Met Your Mother'MacLaren's Bar
9.1%
The Niteclub from 'Buffy the Vampire Slayer'The Bronze
6.5%
Frasier and Niles' favorite coffee spotCafé Nervosa
5.9%
Guinan is the bartender here in 'Star Trek:TNG'Ten-Forward
5.8%
'Office Space' restaurant (don't forget your Flair!)Chotchkie's
5%
Boss Hogg's bar from 'The Dukes of Hazzard'The Boar's Nest
4%
The bar featured in 'The King of Queens'Cooper's Ale House
2.3%

From the Vault

Actors to Badly Drawn Movie (2010s)

by MoMosMoProblems

Movies 5m
A couple of these movies had bad CGI; 'badly drawn' seems like a bit of a leap.
Remove Ads.
Support Sporcle.
Get the best of Sporcle when you Go Orange. This ad-free experience offers more features, more stats, and more fun while also helping to support Sporcle. Thank you for becoming a member.

Show Comments

Extras

Top Quizzes Today


Score Distribution

Your Account Isn't Verified!

In order to create a playlist on Sporcle, you need to verify the email address you used during registration. Go to your Sporcle Settings to finish the process.

Report this User

Report this user for behavior that violates our Community Guidelines.

Details: